000 00753nas a2200229 4500
001 BR7305916
003 BR-BrBNA
005 20231205082544.0
007 ta
008 230509b bl.|||p| |||| 00| 00por d
040 _aBR-BrBNA
_bpor
_cBiblioteca Nacional de Agricultura
041 _a(Pt)
072 _aF70
100 1 _aBarroso, G.M.
110 1 _aUniversidade Estadual de Campinas, SP (Brasil)
_0Tese (Doutorado)
245 1 _aCompositae - Subtribo Baccharidinae Hoffmann. Estudo das especies ocorrentes no Brasil [arbusto]
650 _aTAXONOMIA VEGETAL
650 _aARBUSTO
773 0 _tRodriguesia (Brazil)
_xISSN 0370-6583
_g(Sep 1976), v. 28(40) p. 3-273
_wBR7305916
909 _a202311
_bLúcia
_c55
_dLúcia Elande
942 _2AGRIS
_n0
_cANA
999 _c92770
_d92770